Juventus Squad 2017-2018 - Statistics

General Stats
  • This quiz has been taken 186 times
  • The average score is 17 of 24
Answer Stats
Number Player Nationality % Correct
1 Gianluigi Buffon Italy
99%
10 Paulo Dybala Argentina
96%
3 Giorgio Chiellini Italy
92%
5 Miralem Pjanic Bosnia
92%
7 Juan Cuadrado Colombia
91%
6 Sami Khedira Germany
89%
9 Gonzalo Higuain Argentina
87%
4 Medhi Benatia Morocco
84%
12 Alex Sandro Brazil
83%
17 Mario Mandzukic Croatia
83%
11 Douglas Costa Brazil
82%
15 Andrea Barzagli Italy
79%
22 Kwadwo Asamoah Ghana
78%
8 Claudio Marchisio Italy
76%
26 Stephan Lichtsteiner Switzerland
68%
20 Marko Pjaca Croatia
67%
2 Mattia De Sciglio Italy
66%
23 Wojciech Szczesny Poland
62%
24 Daniele Rugani Italy
60%
33 Federico Bernardeschi Italy
48%
27 Stefano Sturaro Italy
43%
16 Carlo Pinsoglio Italy
32%
30 Rodrigo Bentancur Argentina
29%
34 Moise Kean Italy
26%
No matching quizzes found
Score Distribution
Percent of People with Each Score
Percentile by Number Answered
Your Score History
You have not taken this quiz